Nationalities in the German Empire - Statistics

General Stats
  • This quiz has been taken 936 times
  • The average score is 11 of 15
Answer Stats
Percentage Count Nationality % Correct
92.05% 51,883,131 German
99%
5.48% 3,086,489 Polish
97%
0.38% 211,679 French
95%
0.02% 9,617 Russian
93%
0.25% 141,061 Danish
91%
0.14% 80,361 Dutch
88%
0.19% 107,398 Czech-Moravian
86%
0.12% 65,930 Italian
81%
0.01% 8,158 Hungarian
74%
<0.00% 2,059 Spanish
69%
0.02% 8,998 Swedish
68%
0.19% 106,305 Lithuanian
64%
0.04% 20,217 English
62%
<0.00% 479 Portuguese
45%
0.16% 93,032 Sorbian
22%
No matching quizzes found
Score Distribution
Percent of People with Each Score
Percentile by Number Answered
Your Score History
You have not taken this quiz